[Event "Elit(Wasa-Eksjö)"]
[Site "?"]
[Date "2024.03.08"]
[Round "7"]
[White "Meshkovs, Nikita"]
[Black "Gdanski, Jacek"]
[Result "1/2-1/2"]
[WhiteElo "2532"]
[BlackElo "2491"]
[PlyCount "127"]
[SourceVersionDate "2024.03.11"]

1. d4 Nf6 2. Bg5 d5 3. Bxf6 exf6 4. e3 Bd6 5. c4 dxc4 6. Bxc4 O-O 7. Nc3 c5 8.
dxc5 Bxc5 9. Bxf7+ Kh8 10. Qxd8 Rxd8 11. Nf3 Nc6 12. O-O Bg4 13. Rfd1 Nb4 14.
Rxd8+ Rxd8 15. Rd1 Rxd1+ 16. Nxd1 g6 17. a3 Nd3 18. Bc4 Ne5 19. Bd5 Nxf3+ 20.
Bxf3 Bc8 21. g4 b6 22. Kg2 Bd6 23. h3 Bd7 24. Bd5 g5 25. Nc3 Kg7 26. Ne2 Be5
27. Nd4 Kf8 28. Kf3 Bxd4 29. exd4 Ke7 30. Bg8 h6 31. Ke4 Kd6 32. d5 Ke7 33. f4
Bb5 34. fxg5 hxg5 35. Kf3 Kd6 36. Kg3 Ke5 37. h4 gxh4+ 38. Kxh4 Be2 39. Be6 Bf3
40. Kh5 Bxd5 41. Bxd5 Kxd5 42. Kg6 Ke5 43. Kf7 f5 44. g5 f4 45. g6 f3 46. g7 f2
47. g8=Q f1=Q+ 48. Ke7 Qd3 49. Qe6+ Kd4 50. Kd6 Qc4 51. Qg4+ Kd3 52. Qd1+ Ke3
53. b4 Qc8 54. Qa4 Qb8+ 55. Ke6 Kd2 56. Qc6 b5 57. Qc5 Kd3 58. Qc6 Kd4 59. Kd7
Kd3 60. Ke6 Kd4 61. Qc5+ Kd3 62. Qc6 Kd4 63. Qc5+ Kd3 64. Qc6 1/2-1/2

[Event "Elit(Limhamn-SK Rockaden, Stockholm)"]
[Site "?"]
[Date "2024.03.08"]
[Round "7"]
[White "Hector, Jonny"]
[Black "Blomqvist, Erik"]
[Result "0-1"]
[WhiteElo "2446"]
[BlackElo "2515"]
[PlyCount "118"]
[SourceVersionDate "2024.03.11"]

1. e4 e5 2. Nf3 Nc6 3. Nc3 Nf6 4. d4 exd4 5. Nd5 Bc5 6. Bd3 h6 7. O-O d6 8. a3
a5 9. Re1 O-O 10. Bf4 Bg4 11. h3 Bxf3 12. Qxf3 Ne5 13. Bxe5 dxe5 14. Nxf6+ Qxf6
15. Qxf6 gxf6 16. a4 Kg7 17. Rad1 c6 18. b3 Rg8 19. g3 Kf8 20. Kg2 Ke7 21. Kf3
Rab8 22. Ra1 Bb4 23. Rh1 Bc3 24. Ra2 Kd6 25. Bc4 Rg7 26. h4 Re8 27. Bd3 Kc5 28.
h5 Rg5 29. Rh4 Reg8 30. Ra3 Kb4 31. Ra2 R8g7 32. Rh3 Rg4 33. Rh2 Kc5 34. Rh1
Rg8 35. Rh3 b5 36. Rh1 f5 37. exf5 Kd5 38. Kg2 e4 39. Be2 b4 40. Bc4+ Ke5 41.
Bxf7 R8g5 42. Bg6 e3 43. f6 Kxf6 44. Bd3 exf2 45. Rh3 Rf4 46. Kf1 Rf3 47. Kg2
Rgf5 48. Bf1 Re3 49. Rh4 Kg5 50. Rh1 Re1 51. Rh4 Rf8 52. Rh1 c5 53. Rh4 Rf6 54.
Rh1 Rfe6 55. Kxf2 Rc1 56. Kg2 Ree1 57. Kf2 Red1 58. Kg2 Rd2+ 59. Kf3 d3 0-1

[Event "Elit(Wasa-Eksjö)"]
[Site "?"]
[Date "2024.03.08"]
[Round "7"]
[White "Lukez, Franko"]
[Black "Grigorov, Grigor"]
[Result "1/2-1/2"]
[WhiteElo "2295"]
[BlackElo "2513"]
[PlyCount "40"]
[SourceVersionDate "2024.03.11"]

1. Nf3 Nf6 2. g3 d5 3. Bg2 e6 4. O-O Bd6 5. d3 O-O 6. c4 dxc4 7. dxc4 Qe7 8.
Nc3 h6 9. Qc2 Nc6 10. h3 e5 11. Be3 Re8 12. a3 Bc5 13. Nd5 Nxd5 14. cxd5 Bxe3
15. dxc6 e4 16. Nd2 Bb6 17. Qxe4 bxc6 18. Qxe7 Rxe7 19. e3 Be6 20. Rac1 Rd8
1/2-1/2

[Event "Elit(Limhamn-SK Rockaden, Stockholm)"]
[Site "?"]
[Date "2024.03.08"]
[Round "7"]
[White "Neiksans, Arturs"]
[Black "Johansson, Linus"]
[Result "1/2-1/2"]
[WhiteElo "2588"]
[BlackElo "2428"]
[PlyCount "105"]
[SourceVersionDate "2024.03.11"]

1. Nf3 Nf6 2. g3 d5 3. Bg2 e6 4. d4 Be7 5. c4 O-O 6. Nc3 b6 7. cxd5 exd5 8. O-O
Bb7 9. Bf4 Na6 10. Rc1 c5 11. Qa4 Nc7 12. dxc5 bxc5 13. Rfd1 Ne6 14. Be5 Qb6
15. Nh4 d4 16. Nf5 Bd8 17. Bxb7 Qxb7 18. Qb5 Qb6 19. Bxf6 Bxf6 20. Qxb6 axb6
21. Nd5 Rxa2 22. Nxb6 Rxb2 23. Nd7 Rd8 24. Nxf6+ gxf6 25. e3 d3 26. Rc3 Ng5 27.
Rcxd3 Rxd3 28. Rxd3 Nh3+ 29. Kg2 Rxf2+ 30. Kxh3 Rxf5 31. Rd8+ Kg7 32. Rc8 Re5
33. Kg2 Rxe3 34. Rxc5 Re2+ 35. Kh3 Kg6 36. Rc8 h5 37. Rg8+ Kh7 38. Rf8 Kg7 39.
Ra8 f5 40. Ra6 Rf2 41. Ra4 Kg6 42. Rb4 Kg5 43. Rb5 Re2 44. Ra5 f6 45. Rb5 Re5
46. Rb4 Re4 47. Rb5 Kg6 48. Kg2 h4 49. Rb8 Ra4 50. Rh8 hxg3 51. hxg3 f4 52.
gxf4 Rxf4 53. Kg3 1/2-1/2

[Event "Elit(Wasa-Eksjö)"]
[Site "?"]
[Date "2024.03.08"]
[Round "7"]
[White "Berg, Emanuel"]
[Black "Vernersson, Per"]
[Result "1/2-1/2"]
[WhiteElo "2504"]
[BlackElo "2259"]
[PlyCount "112"]
[SourceVersionDate "2024.03.11"]

1. e4 c6 2. Nf3 d5 3. d3 dxe4 4. dxe4 Qxd1+ 5. Kxd1 Bg4 6. Be2 Nd7 7. Ne1 Bxe2+
8. Kxe2 Ngf6 9. f3 g6 10. Nd3 Bg7 11. a4 O-O 12. Bg5 h6 13. Bh4 Rfe8 14. Nd2
Nh7 15. g4 Bf6 16. Bf2 Bg7 17. Nc4 b6 18. c3 Rf8 19. Rhd1 Rfc8 20. Bg3 Nhf8 21.
Ra3 Ne6 22. Nb4 Nec5 23. Nc2 b5 24. axb5 cxb5 25. N4e3 Nb6 26. Nd4 a6 27. Nd5
Nxd5 28. exd5 Bxd4 29. Rxd4 Na4 30. Rd2 Nb6 31. Ra2 Nc4 32. Rd3 a5 33. b3 Nd6
34. Kd2 a4 35. Rd4 axb3 36. Rxa8 Rxa8 37. Bxd6 Ra2+ 38. Kd3 exd6 39. Rb4 b2 40.
Rxb5 Kf8 41. h4 Ra5 42. Rb8+ Ke7 43. Kd4 Ra4+ 44. c4 Ra3 45. Rxb2 Rxf3 46. Rb7+
Kf6 47. Rd7 Rf4+ 48. Kc3 Ke5 49. Re7+ Kf6 50. Rd7 Ke5 51. g5 hxg5 52. hxg5 Rf5
53. Re7+ Kf4 54. Rd7 Ke5 55. Re7+ Kf4 56. Rd7 Ke5 1/2-1/2

[Event "Elit(Limhamn-SK Rockaden, Stockholm)"]
[Site "?"]
[Date "2024.03.08"]
[Round "7"]
[White "Lindgren, Philip"]
[Black "Seo, Jung Min"]
[Result "0-1"]
[WhiteElo "2385"]
[BlackElo "2481"]
[PlyCount "118"]
[SourceVersionDate "2024.03.11"]

1. d4 Nf6 2. Nf3 b6 3. Bg5 Bb7 4. Nbd2 g6 5. Bxf6 exf6 6. e4 Bg7 7. Bd3 O-O 8.
O-O Nc6 9. c3 d5 10. Re1 dxe4 11. Bxe4 f5 12. Bd3 Qd7 13. Qa4 Rad8 14. Ba6 Ba8
15. Bb5 Bb7 16. Ne5 Bxe5 17. Rxe5 a6 18. Bxc6 Qxc6 19. Qxc6 Bxc6 20. Rae1 Rfe8
21. f3 Rxe5 22. Rxe5 Kf8 23. Kf2 f6 24. Re2 Kf7 25. Ke3 g5 26. Kd3 h5 27. c4 h4
28. d5 Bb7 29. Kc3 b5 30. b3 bxc4 31. bxc4 c6 32. Nb3 cxd5 33. c5 h3 34. g3 d4+
35. Nxd4 Bd5 36. Kb4 Ba8 37. Nxf5 Bxf3 38. Re3 g4 39. Nd6+ Kg6 40. Ka5 Rb8 41.
Rb3 Rxb3 42. axb3 f5 43. Nc4 f4 44. gxf4 Kf5 45. Ne3+ Kxf4 46. Nf1 Bd5 47. b4
Kf3 48. Kxa6 Bc4+ 49. b5 Bxf1 50. c6 g3 51. c7 g2 52. c8=Q g1=Q 53. Qc6+ Kf2
54. Qd6 Qg5 55. Qd4+ Kg2 56. Qb2+ Kh1 57. Ka7 Qxb5 58. Qf2 Qd3 59. Qb2 Qa6+ 0-1

[Event "Elit(Wasa-Eksjö)"]
[Site "?"]
[Date "2024.03.08"]
[Round "7"]
[White "Krantz, Christopher"]
[Black "Cramling, Pia"]
[Result "0-1"]
[WhiteElo "2257"]
[BlackElo "2437"]
[PlyCount "46"]
[SourceVersionDate "2024.03.11"]

1. Nf3 c5 2. b3 d6 3. e3 e5 4. d4 e4 5. Nfd2 d5 6. c4 cxd4 7. exd4 Nf6 8. Bb2
Bd6 9. Nc3 O-O 10. Be2 Re8 11. Nf1 Nc6 12. Ne3 dxc4 13. Bxc4 a6 14. Be2 Bc7 15.
d5 Ne5 16. O-O Qd6 17. g3 Bh3 18. Re1 Rad8 19. Nc4 Qd7 20. Qd2 b5 21. Nxe5 Rxe5
22. Rad1 Bb6 23. Bf3 Rde8 0-1

[Event "Elit(Limhamn-SK Rockaden, Stockholm)"]
[Site "?"]
[Date "2024.03.08"]
[Round "7"]
[White "Sorensen, Hampus"]
[Black "Brynell, Stellan"]
[Result "1-0"]
[WhiteElo "2458"]
[BlackElo "2409"]
[PlyCount "115"]
[SourceVersionDate "2024.03.11"]

1. e4 e6 2. d4 d5 3. e5 c5 4. c3 Nc6 5. Nf3 Bd7 6. Be2 Nge7 7. O-O cxd4 8. cxd4
Nf5 9. Nc3 Rc8 10. Bg5 Be7 11. Bxe7 Qxe7 12. Bd3 Nh4 13. Nb5 O-O 14. Ne1 a6 15.
Nd6 Rb8 16. g3 Ng6 17. f4 Na7 18. Qb3 Nc8 19. f5 exf5 20. Nxf5 Qe6 21. Nf3 h6
22. Ne3 Nce7 23. Rf2 Bc6 24. Re1 Rbc8 25. Bb1 Rc7 26. h4 Qh3 27. Rg2 Rfc8 28.
Kf2 Qd7 29. h5 Nf8 30. g4 Ba4 31. Qd3 Bb5 32. Qd2 Rc6 33. g5 hxg5 34. Rxg5 Ne6
35. Rg4 Kf8 36. Rh1 Ng8 37. a4 Bc4 38. b3 Bxb3 39. Qb4+ Qe7 40. Qxb3 Rc3 41.
Qb2 Nh6 42. Rgg1 Nxd4 43. Nxd4 Qxe5 44. Qd2 Qf4+ 45. Nf3 Qxa4 46. Qd4 Qxd4 47.
Nxd4 Re8 48. Nef5 Nxf5 49. Nxf5 Rb3 50. Rc1 Rb6 51. Rhe1 Rb2+ 52. Kf1 Rd8 53.
Rc7 Rh2 54. h6 g6 55. Ree7 gxf5 56. Rxf7+ Kg8 57. Rg7+ Kf8 58. Rh7 1-0

[Event "Elit(Wasa-Eksjö)"]
[Site "?"]
[Date "2024.03.08"]
[Round "7"]
[White "Wedberg, Tom"]
[Black "Malesevic, Nedeljko"]
[Result "0-1"]
[WhiteElo "2369"]
[BlackElo "2219"]
[PlyCount "88"]
[SourceVersionDate "2024.03.11"]

1. e4 c6 2. d4 d5 3. Nd2 dxe4 4. Nxe4 Nd7 5. Bc4 Ngf6 6. Ng5 e6 7. Qe2 Nb6 8.
Bd3 h6 9. N5f3 c5 10. Be3 Qc7 11. Ne5 cxd4 12. Bxd4 Bc5 13. Ngf3 Nbd7 14. Bxc5
Nxc5 15. O-O-O a6 16. g4 Bd7 17. Kb1 Bc6 18. Nxc6 bxc6 19. Bc4 a5 20. Ka1 Rb8
21. c3 Na4 22. Rd2 Nd5 23. Rxd5 cxd5 24. Bb5+ Rxb5 25. Qxb5+ Qd7 26. Qxa5 O-O
27. Ne5 Qd6 28. Nd3 Nb6 29. Qc5 Qb8 30. f4 Rc8 31. Qb5 Qd6 32. Qb4 Qd8 33. Rd1
Nc4 34. Qb3 Ne3 35. Rg1 Rb8 36. Nb4 Qb6 37. Kb1 Qd6 38. Re1 Qxf4 39. a4 Qe4+
40. Ka2 e5 41. Qxd5 Qxb4 42. cxb4 Nxd5 43. Rxe5 Nxb4+ 44. Kb3 Nc6+ 0-1

[Event "Elit(Vaxjo-Limhamn)"]
[Site "?"]
[Date "2024.01.21"]
[Round "6"]
[White "Sevastianov, Andrii"]
[Black "Brynell, Stellan"]
[Result "0-1"]
[WhiteElo "2178"]
[BlackElo "2409"]
[PlyCount "70"]
[SourceVersionDate "2024.01.28"]

1. e4 e6 2. d4 d5 3. exd5 exd5 4. Nf3 Bd6 5. Bd3 Nc6 6. O-O Bg4 7. Re1+ Nge7 8.
c3 Qd7 9. Nbd2 O-O-O 10. b4 Ng6 11. Qa4 Kb8 12. b5 Nce7 13. Ne5 Bxe5 14. dxe5
f6 15. exf6 gxf6 16. Ba3 Rhg8 17. Re3 Nc8 18. Rae1 Ne5 19. Bc5 Bf5 20. Bf1 Rg4
21. Qd1 Nd6 22. a4 Qg7 23. Bxd6 Rxd6 24. f3 Rh4 25. Nb3 Qh6 26. Nd4 Bc8 27. h3
Rd8 28. Qb1 Rg8 29. Nf5 Bxf5 30. Qxf5 Rxh3 31. f4 Rh1+ 32. Kf2 Qh4+ 33. g3 Ng4+
34. Kf3 Qxg3+ 35. Kxg3 Nxe3+ 0-1

[Event "Elit(Orgryte-Wasa)"]
[Site "?"]
[Date "2024.01.21"]
[Round "6"]
[White "Kumar, Rahul"]
[Black "Engqvist, Thomas"]
[Result "0-1"]
[WhiteElo "2242"]
[BlackElo "2304"]
[PlyCount "80"]

1. Nf3 Nf6 2. d4 e6 3. e3 b6 4. Nbd2 c5 5. b3 Bb7 6. Bb2 cxd4 7. exd4 Bd6 8.
Bd3 Nc6 9. a3 Ne7 10. Qe2 O-O 11. h4 Bf4 12. Rg1 a6 13. g3 Bc7 14. Ne5 d6 15.
Nef3 b5 16. Ng5 Ba5 17. b4 Bb6 18. g4 Nc6 19. Ndf3 a5 20. bxa5 Bxa5+ 21. Kf1 b4
22. a4 Ne7 23. h5 Qb6 24. Nd2 Ned5 25. Nc4 Qc7 26. Nh3 Nc3 27. Bxc3 bxc3 28. g5
Nd5 29. g6 h6 30. gxf7+ Rxf7 31. Qxe6 Bc8 32. Qxd5 Bxh3+ 33. Ke1 Re8+ 34. Kd1
Qe7 35. Ne3 Kh8 36. Rg3 Rxf2 37. Rxh3 Qf6 38. Rb1 Rd2+ 39. Kc1 Qf2 40. Qe4 Qe1+
0-1

[Event "Elit(Stockholms SS-Kungstornet)"]
[Site "?"]
[Date "2024.01.21"]
[Round "6"]
[White "Ertan, Can"]
[Black "Jonsson, Mikael"]
[Result "1-0"]
[WhiteElo "2358"]
[BlackElo "2189"]
[PlyCount "51"]

1. e4 e5 2. Nf3 Nc6 3. Bb5 a6 4. Ba4 Nf6 5. O-O Be7 6. Re1 b5 7. Bb3 O-O 8. a4
b4 9. a5 d6 10. c3 Rb8 11. h3 Be6 12. Bc2 bxc3 13. bxc3 h6 14. d4 exd4 15. Nxd4
Bd7 16. Nd2 Re8 17. f4 Bf8 18. Qf3 Nxa5 19. Rxa5 c5 20. N4b3 c4 21. Nxc4 d5 22.
Ncd2 dxe4 23. Nxe4 Rxb3 24. Nxf6+ Qxf6 25. Rxe8 Rxc3 26. Qe4 1-0

[Event "Elit(Vaxjo-Limhamn)"]
[Site "?"]
[Date "2024.01.21"]
[Round "6"]
[White "Penalver, Osmani"]
[Black "Arman, Deniz"]
[Result "0-1"]
[WhiteElo "2311"]
[BlackElo "2305"]
[PlyCount "54"]
[SourceVersionDate "2024.01.28"]

1. d4 Nf6 2. c4 g6 3. f3 d5 4. cxd5 Nxd5 5. e4 Nb6 6. Nc3 Bg7 7. Be3 O-O 8. Qd2
e5 9. d5 c6 10. O-O-O cxd5 11. exd5 N8d7 12. Nh3 e4 13. fxe4 Ne5 14. Bc5 Bg4
15. Bxf8 Qxf8 16. Kb1 Nec4 17. Bxc4 Nxc4 18. Qc1 Bxd1 19. Rxd1 Rc8 20. Rd3 b5
21. Qe1 b4 22. Na4 Qe8 23. Qxb4 Qxe4 24. Nf2 Qe2 25. a3 Qxf2 26. Qb7 Nd6 27.
Qa6 Qc2+ 0-1

[Event "Elit(Orgryte-Wasa)"]
[Site "?"]
[Date "2024.01.21"]
[Round "6"]
[White "Ostlund, Joar"]
[Black "Eksmyr, Johan"]
[Result "1-0"]
[WhiteElo "2328"]
[BlackElo "2078"]
[PlyCount "135"]

1. d4 Nf6 2. c4 g6 3. Nc3 d5 4. Nf3 Bg7 5. h3 c6 6. cxd5 cxd5 7. Bf4 Qb6 8. Na4
Qa5+ 9. Bd2 Qd8 10. a3 b6 11. Bf4 Ba6 12. Nc3 O-O 13. b4 Ne4 14. Rc1 Nxc3 15.
Rxc3 Bc4 16. e3 b5 17. Bxc4 bxc4 18. O-O Nc6 19. Qa4 Qb6 20. Rcc1 Rac8 21. Bg3
Rfd8 22. Rfd1 e6 23. Kh2 h6 24. Rd2 a6 25. Rb1 Ne7 26. Kg1 Nf5 27. Be5 Qb5 28.
Qc2 f6 29. Bh2 Qe8 30. e4 Ne7 31. Re1 Qd7 32. Rde2 Re8 33. h4 h5 34. e5 f5 35.
Bf4 Nc6 36. Bg5 Qa7 37. Rd1 Rf8 38. Qd2 Rb8 39. Rb1 Kh7 40. Bf6 Bh6 41. Bg5 Bg7
42. Ree1 Rfe8 43. Red1 Kg8 44. Qf4 Nd8 45. Qg3 Nf7 46. Bf6 Kh7 47. Ng5+ Nxg5
48. hxg5 Bf8 49. Qc3 Kg8 50. f3 Rb7 51. g4 Rh7 52. Kg2 Rb8 53. gxh5 Rxh5 54.
Rh1 Rxh1 55. Rxh1 Rb7 56. Rh8+ Kf7 57. Qe1 Ke8 58. Qh4 Rf7 59. Qh6 Qxd4 60.
Rxf8+ Rxf8 61. Qxg6+ Kd7 62. Qg7+ Kc6 63. Qxf8 Qd2+ 64. Kh3 Qf2 65. Qc8+ Kb6
66. Bd8+ Ka7 67. Qc5+ Qxc5 68. bxc5 1-0

[Event "Elit(Stockholms SS-Kungstornet)"]
[Site "?"]
[Date "2024.01.21"]
[Round "6"]
[White "Couso, Luis"]
[Black "Cederstam, Carl"]
[Result "1/2-1/2"]
[WhiteElo "2245"]
[BlackElo "2231"]
[PlyCount "180"]

1. c4 e6 2. Nf3 d5 3. d4 Nf6 4. g3 Bb4+ 5. Bd2 Be7 6. Bg2 O-O 7. O-O a5 8. Qc2
a4 9. Bf4 c6 10. Bxb8 Rxb8 11. Qxa4 Qb6 12. Qc2 c5 13. e3 Bd7 14. Nbd2 Rfc8 15.
b3 Qa6 16. a4 dxc4 17. bxc4 cxd4 18. exd4 Nd5 19. Rfc1 Ra8 20. Qb1 Nb4 21. Bf1
Qa7 22. c5 Nc6 23. Bb5 Rd8 24. Qe4 Bf6 25. Bd3 g6 26. Qf4 Bg7 27. Nc4 Nb4 28.
Bf1 Nd5 29. Qh4 b6 30. Nd6 h6 31. c6 Be8 32. Nb5 Qa5 33. Ne5 Rdc8 34. Nd6 Rc7
35. Bb5 Qd2 36. Ndc4 Qb4 37. Rab1 Qf8 38. Qe4 Qe7 39. Ne3 Nf6 40. Qf3 Qa3 41.
Qd1 Rb8 42. Nd7 Nxd7 43. cxd7 Rxd7 44. Bxd7 Bxd7 45. Nc4 Qxa4 46. Qxa4 Bxa4 47.
Nxb6 Be8 48. d5 Bd4 49. Rc8 Rxc8 50. Nxc8 exd5 51. Ne7+ Kf8 52. Nxd5 Bc6 53.
Rb8+ Kg7 54. Rd8 Ba7 55. h4 h5 56. Nf4 Bb5 57. Ra8 Bd4 58. Rb8 Ba6 59. Rd8 Bf6
60. Rd7 Bc8 61. Rc7 Bf5 62. Rc5 Bg4 63. Kg2 Bd4 64. Rd5 Bf6 65. f3 Bc8 66. Rc5
Bd7 67. Nh3 Be6 68. Ng5 Bb3 69. Rc7 Ba2 70. Ne4 Bd4 71. g4 hxg4 72. fxg4 Bd5
73. Kh3 Bb6 74. Re7 Bc4 75. Ng3 Be6 76. Rb7 Bf2 77. h5 Kh6 78. hxg6 Kxg6 79.
Nh5 Be3 80. Kg3 Kg5 81. Rb5+ Kh6 82. Nf4 Ba2 83. g5+ Kg7 84. Kg4 Bxf4 85. Kxf4
Bc4 86. Rf5 Bd3 87. Rf6 Bc4 88. Ke5 Ba2 89. Kd6 Bb3 90. Ke7 Ba2 1/2-1/2

[Event "Elit(Vaxjo-Limhamn)"]
[Site "?"]
[Date "2024.01.21"]
[Round "6"]
[White "Olofsson-Dolk, Mattis"]
[Black "Helgason, Reynir"]
[Result "0-1"]
[WhiteElo "2210"]
[BlackElo "2253"]
[PlyCount "70"]
[SourceVersionDate "2024.01.28"]

1. e4 c5 2. Nf3 Nc6 3. d4 cxd4 4. Nxd4 e5 5. Nb5 d6 6. N1c3 a6 7. Na3 Be6 8.
Nc4 Rb8 9. Bd3 Nf6 10. Ne3 g6 11. Ned5 Bxd5 12. exd5 Nd4 13. Bg5 h6 14. Be3 Bg7
15. Qd2 Qa5 16. O-O Nxd5 17. Bxd4 exd4 18. Qe2+ Kf8 19. Nxd5 Qxd5 20. Rae1 Bf6
21. Bc4 Qc6 22. Qd3 b5 23. Bb3 Kg7 24. Re4 Rhe8 25. Rfe1 Rxe4 26. Rxe4 a5 27.
a3 a4 28. Ba2 b4 29. h4 b3 30. cxb3 axb3 31. Bb1 Qc1+ 32. Kh2 Qxb2 33. Rg4 Qxf2
34. h5 Be5+ 35. Kh3 Rc8 0-1

[Event "Elit(Orgryte-Wasa)"]
[Site "?"]
[Date "2024.01.21"]
[Round "6"]
[White "Anderzen, Robert"]
[Black "Bellon Lopez, Juan"]
[Result "0-1"]
[WhiteElo "2119"]
[BlackElo "2261"]
[PlyCount "150"]
[EventDate "2024.??.??"]

1. d4 d5 2. c4 e6 3. Nc3 Nf6 4. cxd5 exd5 5. Bg5 c6 6. Qc2 Bd6 7. e3 O-O 8. Bd3
h6 9. Bh4 Re8 10. Nf3 a5 11. a3 Bg4 12. Nd2 Be6 13. Rb1 b5 14. Ne2 a4 15. h3
Bd7 16. O-O Na6 17. e4 dxe4 18. Nxe4 Be7 19. Nc5 Nxc5 20. dxc5 Be6 21. Rbc1 Bb3
22. Qb1 Ra7 23. Bc2 Bc4 24. Rfd1 Rd7 25. Rxd7 Nxd7 26. Bxe7 Qxe7 27. Ng3 Nxc5
28. Nf5 Qf6 29. Re1 Re5 30. Rxe5 Qxe5 31. Qd1 Bd5 32. Qg4 Be6 33. Qf3 Bxf5 34.
Qxf5 Qxf5 35. Bxf5 Kf8 36. f4 Ke7 37. Kf2 Kd6 38. Ke3 Kd5 39. Bc2 Nb7 40. b3
Nc5 41. b4 Ne6 42. Be4+ Kd6 43. Bd3 Nc7 44. Kd4 Nd5 45. g3 g6 46. h4 Ne7 47. g4
Nd5 48. g5 hxg5 49. fxg5 Nf4 50. Bf1 Ke6 51. Kc5 Kd7 52. Kd4 Kd6 53. Ke4 Nd5
54. Kd4 Nc7 55. Be2 Ne6+ 56. Ke4 Ng7 57. Kf4 Nh5+ 58. Ke3 Ke5 59. Bf3 Kd6 60.
Kd4 Nf4 61. Ke3 Ne6 62. Be2 Ke5 63. Bf3 Nd4 64. Be4 Nf5+ 65. Kd3 Ne7 66. Ke3
Nd5+ 67. Kf3 Kd4 68. Bb1 c5 69. bxc5 Kxc5 70. Ba2 Kd4 71. Kg4 Ne3+ 72. Kf4 Nc4
73. h5 gxh5 74. Kg3 Kc3 75. Kh4 Kb2 0-1

[Event "Elit(Stockholms SS-Kungstornet)"]
[Site "?"]
[Date "2024.01.21"]
[Round "6"]
[White "Renman, Nils-Gustaf"]
[Black "Larsson, Anders"]
[Result "1/2-1/2"]
[WhiteElo "2325"]
[BlackElo "2220"]
[PlyCount "107"]

1. d4 e6 2. c4 Bb4+ 3. Nd2 Nf6 4. a3 Bxd2+ 5. Bxd2 d6 6. Qc2 O-O 7. Nf3 Qe7 8.
e4 e5 9. d5 Nh5 10. Bd3 Nf4 11. Bxf4 exf4 12. O-O Nd7 13. Rfe1 Ne5 14. Nxe5
Qxe5 15. c5 f3 16. cxd6 cxd6 17. gxf3 Bh3 18. Kh1 Rac8 19. Qd2 Qf6 20. f4 Bg4
21. Be2 Bxe2 22. Rxe2 Rc4 23. Rc1 Rxc1+ 24. Qxc1 h6 25. Qe3 Rc8 26. e5 Qf5 27.
f3 Rc5 28. e6 fxe6 29. Qxe6+ Qxe6 30. dxe6 Kf8 31. Kg2 Ke7 32. Kg3 Rf5 33. Re4
Rf6 34. Ra4 a6 35. Rb4 b5 36. a4 Rf5 37. axb5 axb5 38. Re4 g6 39. h4 h5 40. Kf2
Rc5 41. Ke3 Rc2 42. Rb4 Rc5 43. Re4 d5 44. Re5 Rc2 45. Rxd5 Rxb2 46. f5 gxf5
47. Rxf5 Kxe6 48. Rxh5 Kf6 49. Rc5 Kg6 50. Kf4 Rb4+ 51. Kg3 Rb1 52. Kg4 Rg1+
53. Kf4 Rb1 54. Kg4 1/2-1/2

[Event "Elit(Eksjo-LASK)"]
[Site "?"]
[Date "2024.01.21"]
[Round "6"]
[White "Holm, Kristian Stuvik"]
[Black "Lukez, Franko"]
[Result "1-0"]
[WhiteElo "2484"]
[BlackElo "2295"]
[PlyCount "123"]
[SourceVersionDate "2024.01.28"]

1. d4 g6 2. c4 Bg7 3. Nf3 d6 4. Nc3 Nf6 5. e4 O-O 6. Be2 c5 7. O-O Bg4 8. d5 e6
9. Qb3 Qb6 10. dxe6 Bxe6 11. Rd1 Nc6 12. Rxd6 Rfd8 13. Rxd8+ Rxd8 14. Qxb6 axb6
15. Bf4 Nd4 16. Bf1 h6 17. Ne1 g5 18. Bc7 Rc8 19. Bg3 Re8 20. f3 Nd7 21. Rc1 f5
22. Bf2 Ra8 23. exf5 Nxf5 24. a3 Ne5 25. Nd5 Bxd5 26. cxd5 Nf7 27. b4 Bb2 28.
Rc2 Bxa3 29. bxc5 Bxc5 30. Bxc5 bxc5 31. Rxc5 Ra1 32. Kf2 N5d6 33. Rc2 Kg7 34.
Nd3 Kf6 35. Nc5 Ra5 36. Nd7+ Ke7 37. Nb6 Kf6 38. Be2 Ra3 39. Nd7+ Ke7 40. Nc5
Kf6 41. Rb2 Ra5 42. Nxb7 Rxd5 43. Rb6 Kg7 44. Rb4 Kf6 45. h4 gxh4 46. Nxd6 Rxd6
47. Rxh4 Kg5 48. Rg4+ Kf6 49. f4 Nd8 50. Ke3 Re6+ 51. Kf3 Rd6 52. Bc4 Rd4 53.
Bg8 Rd7 54. Ba2 Ra7 55. Bb1 Nf7 56. Rg6+ Ke7 57. Bf5 Rc7 58. Be6 Nd8 59. Bd5
Rc5 60. Ke4 Rc2 61. Kd3 Rf2 62. Ke3 1-0

[Event "Elit(Vasteras-Rockaden, Sthlm)"]
[Site "?"]
[Date "2024.01.21"]
[Round "6"]
[White "Neiksans, Arturs"]
[Black "Carlsson, Ludvig"]
[Result "1-0"]
[WhiteElo "2588"]
[BlackElo "2361"]
[PlyCount "51"]

1. Nf3 d5 2. g3 g6 3. Bg2 Bg7 4. d4 Nf6 5. O-O O-O 6. c4 c6 7. a4 a5 8. cxd5
cxd5 9. Qb3 Nc6 10. Nc3 Ne4 11. Bf4 Nxd4 12. Nxd4 Bxd4 13. Nxd5 Nf6 14. Rfd1
Nxd5 15. Rxd4 e6 16. Bh6 Re8 17. Rad1 Qe7 18. e4 Nb4 19. e5 Nc6 20. Bxc6 bxc6
21. Qe3 c5 22. Rd6 Bb7 23. Bg5 Qf8 24. Rd7 Reb8 25. Bh6 Qe8 26. Qg5 1-0

[Event "Elit(Eksjo-LASK)"]
[Site "?"]
[Date "2024.01.21"]
[Round "6"]
[White "Vernersson, Per"]
[Black "Thybo, Jesper Sondergaard"]
[Result "0-1"]
[WhiteElo "2259"]
[BlackElo "2533"]
[PlyCount "106"]
[SourceVersionDate "2024.01.28"]

1. Nf3 c5 2. c4 Nc6 3. Nc3 Nf6 4. g3 d5 5. cxd5 Nxd5 6. Bg2 Nc7 7. O-O e5 8. d3
Be7 9. Nd2 O-O 10. Nc4 f6 11. f4 exf4 12. Bxf4 Ne6 13. Nd5 Nxf4 14. Rxf4 Be6
15. Nxe7+ Qxe7 16. Bxc6 bxc6 17. Qd2 Rfe8 18. Qc3 Bf7 19. Re1 Rad8 20. Re4 Qd7
21. Rxe8+ Qxe8 22. b3 h5 23. Qd2 Bxc4 24. bxc4 h4 25. Kf2 Qe6 26. Qe3 Qh3 27.
Rh1 Kf7 28. Qf3 Rh8 29. g4 Qxf3+ 30. Kxf3 Rb8 31. Rc1 a5 32. Rc3 a4 33. Ra3 Rb4
34. h3 Ke6 35. Rc3 Ke5 36. Ra3 g6 37. Rc3 Rb8 38. Ra3 Ra8 39. e3 g5 40. Rc3 Rb8
41. Ra3 Rb4 42. Rc3 Rb2 43. Ra3 Rh2 44. Rxa4 Rxh3+ 45. Kf2 f5 46. Ra5 Kd6 47.
d4 fxg4 48. Rxc5 Rf3+ 49. Kg1 g3 50. Rxg5 h3 51. Rg6+ Kc7 52. Rh6 g2 53. Kh2
Rf1 0-1

[Event "Elit(Vasteras-Rockaden, Sthlm)"]
[Site "?"]
[Date "2024.01.21"]
[Round "6"]
[White "Akesson, Ralf"]
[Black "Hammer, Jon Ludvig"]
[Result "1/2-1/2"]
[WhiteElo "2389"]
[BlackElo "2612"]
[PlyCount "117"]

1. d4 d5 2. c4 e6 3. Nc3 Nf6 4. cxd5 exd5 5. Bg5 c6 6. e3 Nbd7 7. Bd3 Be7 8.
Qc2 O-O 9. Nf3 Re8 10. O-O Nf8 11. h3 Ne4 12. Bf4 Ng5 13. Nxg5 Bxg5 14. Bh2 Be7
15. Rfe1 Bd6 16. Bxd6 Qxd6 17. Rad1 Bd7 18. e4 Qf6 19. exd5 cxd5 20. Rxe8 Rxe8
21. Nxd5 Qg5 22. Ne3 Bxh3 23. Qc5 Qxc5 24. dxc5 Bd7 25. Nc4 Bc6 26. Na5 Ne6 27.
Nxc6 bxc6 28. Be4 Rb8 29. b3 Rb5 30. Bxc6 Rxc5 31. Bd5 Rc7 32. Bxe6 fxe6 33.
Rd6 Kf7 34. Ra6 Kf6 35. Kf1 Kf5 36. Ke2 h5 37. Ke3 h4 38. f3 Rc2 39. Ra5+ e5
40. Rxa7 Rxg2 41. Ra8 h3 42. Rf8+ Kg5 43. Rh8 h2 44. a3 Kf5 45. Rf8+ Ke6 46.
Re8+ Kf7 47. Rh8 g6 48. b4 Kg7 49. Rh3 Kf6 50. Ke4 Re2+ 51. Kd3 Ra2 52. Ke4
Re2+ 53. Kd3 Ra2 54. Ke4 Rxa3 55. Rxh2 Rb3 56. Rh8 Rxb4+ 57. Ke3 Rb3+ 58. Kf2
Kg5 59. Re8 1/2-1/2

[Event "Elit(Eksjo-LASK)"]
[Site "?"]
[Date "2024.01.21"]
[Round "6"]
[White "Mauritsson, Sebastian"]
[Black "Heberla, Bartlomiej"]
[Result "0-1"]
[WhiteElo "2389"]
[BlackElo "2546"]
[PlyCount "62"]
[SourceVersionDate "2024.01.28"]

1. e4 e5 2. Nf3 Nc6 3. Nc3 Nf6 4. d4 exd4 5. Nxd4 Bb4 6. Nxc6 bxc6 7. Bd3 O-O
8. O-O Re8 9. Bg5 h6 10. Bh4 Rb8 11. h3 Be7 12. Rb1 d5 13. exd5 cxd5 14. Bb5
Rf8 15. Bc6 d4 16. Ne2 Rb6 17. Bf3 c5 18. b4 Ba6 19. bxc5 Bxc5 20. Qd2 Re8 21.
Rfd1 Bxe2 22. Bxe2 Rxb1 23. Rxb1 Ne4 24. Bxd8 Nxd2 25. Rb8 Bd6 26. Ra8 Bc7 27.
Bxc7 Rxa8 28. Bd3 Nc4 29. Bf4 Rc8 30. Bc1 Ne5 31. Bf5 Rc5 0-1

[Event "Elit(Vasteras-Rockaden, Sthlm)"]
[Site "?"]
[Date "2024.01.21"]
[Round "6"]
[White "Blomqvist, Erik"]
[Black "Hamark, Jesper"]
[Result "1-0"]
[WhiteElo "2515"]
[BlackElo "2309"]
[PlyCount "77"]
[EventDate "2024.??.??"]

1. e4 d6 2. d4 Nf6 3. Nc3 e5 4. Nf3 Nbd7 5. Bc4 Be7 6. a4 O-O 7. O-O exd4 8.
Nxd4 Ne5 9. Ba2 Nc6 10. h3 Nb4 11. Bb3 c5 12. Nf3 Be6 13. Bxe6 fxe6 14. e5 dxe5
15. Qe2 Nc6 16. Nxe5 Nd4 17. Qd3 Bd6 18. Nf3 Bb8 19. Nb5 Nxf3+ 20. Qxf3 a6 21.
Nc3 Nd5 22. Qg4 Qd6 23. g3 Nxc3 24. bxc3 Qc6 25. Re1 Rf6 26. Qe4 Qxe4 27. Rxe4
Bc7 28. Be3 b6 29. Rd1 Rd8 30. Rd3 Rxd3 31. cxd3 Kf8 32. a5 bxa5 33. Bxc5+ Ke8
34. Bd4 Rg6 35. Be5 Bb6 36. Kg2 Kd7 37. f4 Kc6 38. g4 Kb5 39. Re1 1-0